Về tổ chức và cán bộ 265 câu hỏi và trả lời
v.v...
Đã lưu trong:
| Tác giả chính: | |
|---|---|
| Định dạng: | Sách |
| Năm xuất bản: |
H.
Chính trị Quốc gia
1999
|
| Chủ đề: | |
| Tags: |
Thêm thẻ
Không có thẻ, Hãy là người đầu tiên gắn thẻ bản ghi này!
|
| LEADER | 00791nam a2200181 4500 | ||
|---|---|---|---|
| 082 | |a 324.259707 |b V250t | ||
| 100 | |a Lê Anh Trà | ||
| 245 | |a Về tổ chức và cán bộ |c Lê Anh Trà, Dương Trung Nam,... |b 265 câu hỏi và trả lời | ||
| 260 | |a H. |b Chính trị Quốc gia |c 1999 | ||
| 300 | |a 532 tr. |c 19 cm. | ||
| 520 | |a v.v... | ||
| 653 | |a Đảng Cộng sản Việt Nam | ||
| 653 | |a Tổ chức | ||
| 653 | |a Cán bộ | ||
| 942 | |2 ddc |c STK0 | ||
| 999 | |c 8751 |d 8751 | ||
| 952 | |0 0 |1 0 |2 ddc |4 0 |6 324_259707000000000_V250T |7 0 |8 300 |9 71512 |a qbu |b qbu |c D2 |d 2015-04-27 |g 32000 |o 324.259707 V250t. |p 8864.c1 |r 0000-00-00 |w 2015-04-27 |y STK0 | ||
| 952 | |0 0 |1 0 |2 ddc |4 0 |6 324_259707000000000_V250T |7 0 |8 300 |9 71513 |a qbu |b qbu |c D2 |d 2015-04-27 |g 32000 |o 324.259707 V250t. |p 8864.c2 |r 0000-00-00 |w 2015-04-27 |y STK0 | ||